banner-ar

BIOLOGY OF FRESH WATER / (Record no. 21459)

MARC details
000 -الفاتح
حقل البيانات ثابتة الطول 00622nam a2200229Ia 4500
008 - عناصر البيانات ثابتة الطول - معلومات عامة
حقل البيانات ثابتة الطول 140319s9999 xx 000 0 eng d
020 ## - الرقم الدولى المعيارى للكتب
الرقم الدولى المعيارى للكتاب 0412028417
040 ## - مصدر الفهرسة
وكالة الفهرسة الأصلية GCL /
وكالة النسخ GCL
082 04 - رقم تصنيف ديوى العشرى
رقم التصنيف 574.909
رقم المادة M B
100 1# - المدخل الرئيسى - إسم شخصى
الإسم الشخصى MAITLAND, PETER S.
245 10 - بيان العنوان
العنوان BIOLOGY OF FRESH WATER /
بيان المسئوليه,etc MAITLAND, PETER S.
250 ## - بيان الطبعة
بيان الطبعة 2ND
260 ## - PUBLICATION, DISTRIBUTION, ETC. (IMPRINT)
تاريخ النشر أو التوزيع 1994
300 ## - الوصف المادى
التعداد 276 P.
تفاصيل ماديه اخرى للوعاء ILL ؛
أبعاد الوعاء 20 cm..
490 ## - بيان السلسلة
عنوان السلسلة TERTIARY LEVEL BIOLOGY
رقم المجلد/ التعيين التسلسلي 0
650 04 - المدخل الاضافى بالموضوع-مصطلح موضوعى
مصطلح موضوعي FRESHWATER BIOLOGY
650 04 - المدخل الاضافى بالموضوع-مصطلح موضوعى
مصطلح موضوعي BIOLOGY
650 04 - المدخل الاضافى بالموضوع-مصطلح موضوعى
مصطلح موضوعي WATER
650 04 - المدخل الاضافى بالموضوع-مصطلح موضوعى
مصطلح موضوعي WATER POLLUTION
942 ## - عناصر المدخل الإضافي( كوها)
مصدر التصنيف او مخطط الترفيف Dewey Decimal Classification
Koha [default] item type كتاب
260 ## - PUBLICATION, DISTRIBUTION, ETC. (IMPRINT)
-- انجلترا :
-- BLACKIE ACADEMIC & PROFESSIONAL ،
Holdings
حالة التراجع حالة الفقد حالة تلف ليس للاعارة المكان المؤقت الموقع الحالى تاريخ الاكتساب اجمالي اﻻعارات رقم الطلب الباركود تاريخ اخر مشاهدة تاريخ تفعيل السعر نوع وعاء كوها
        مكتبة القاهرة الكبرى مكتبة القاهرة الكبرى 03/26/2014   574.909\M B 39622 03/26/2014 03/26/2014 كتاب
        مكتبة القاهرة الكبرى مكتبة القاهرة الكبرى 03/26/2014   574.909\M B 39623 03/26/2014 03/26/2014 كتاب
        مكتبة القاهرة الكبرى مكتبة القاهرة الكبرى 03/26/2014   574.909\M B 39624 03/26/2014 03/26/2014 كتاب
        مكتبة القاهرة الكبرى مكتبة القاهرة الكبرى 03/26/2014   574.909\M B 39625 03/26/2014 03/26/2014 كتاب

Powered By

EGPV